Catálogo
 En Linea

Codice diplomatico Colombo-Americano, olsia Raccolta di documenti originali e inediti, spettanti a Cristoforo Colombo alla scoperta ed al Governo dell' America. (Registro nro. 33106)

Detalles MARC
000 -CABECERA
campo de control de longitud fija 00557nam a2200133 a 4500
001 - NÚMERO DE CONTROL
campo de control 000033615
005 - FECHA Y HORA DE LA ÚLTIMA TRANSACCIÓN
campo de control 20200930070404.0
008 - DATOS DE LONGITUD FIJA--INFORMACIÓN GENERAL
campo de control de longitud fija 110901s1823 sp a 000 0 spa d
040 ## - FUENTE DE LA CATALOGACIÓN
Centro catalogador/agencia de origen DO-SdBNP
Lengua de catalogación spa
Centro/agencia transcriptor BNPHU
245 00 - MENCIÓN DE TÍTULO
Título Codice diplomatico Colombo-Americano, olsia Raccolta di documenti originali e inediti, spettanti a Cristoforo Colombo alla scoperta ed al Governo dell' America.
260 ## - PUBLICACIÓN, DISTRIBUCIÓN, ETC.
Lugar de publicación, distribución, etc. Génova :
Nombre del editor, distribuidor, etc. Fonderia ponthenier,
Fecha de publicación, distribución, etc. 1823.
300 ## - DESCRIPCIÓN FÍSICA
Extensión 348 p. :
Otras características físicas il. ;
Dimensiones 27 cm.
700 1# - PUNTO DE ACCESO ADICIONAL--NOMBRE DE PERSONA
Nombre de persona Pubblicato per ordine degl' Ill. Decurioni della citta di Genova.
9 (RLIN) 59092
Existencias
Estado de retiro Estado de pérdida Restricciones de uso No para préstamo Código de colección Localización permanente Ubicación/localización actual Ubicación en estantería Fecha de adquisición Número de inventario Total de préstamos Signatura topográfica completa Código de barras Fecha visto por última vez Precio válido a partir de Tipo de ítem Koha
      Excluido de préstamo Monografías: Libros y Folletos Patrimonio Dominicano Patrimonio Dominicano En catalogación 01.09.2011 LF1   33615-10 25.06.2020 25.06.2020 No se presta

Con tecnología Koha